Zvýšenie minimálnej mzdy od januára 2012
Nariadenie vlády SR č. 343/2011 Z.z. od 1. januára 2012 mení výšku minimálnej mzdy. Zvýšenie minimálnej mzdy. Sadzba minimálneho mzdového nároku. Vypočítavanie minimálnej mzdy. Mzdové zvýhodnenie za nočnú prácu. Priemerný zárobok. Vplyv zvýšenia minimálnej mzdy na výpočet poistného do Sociálnej pois...
Na minha lista:
| Autor principal: | |
|---|---|
| Formato: | Capítulo de Livro |
| Idioma: | eslovaco |
| Assuntos: | |
| Tags: |
Sem tags, seja o primeiro a adicionar uma tag!
|
MARC
| LEADER | 00000naa a2200000 4500 | ||
|---|---|---|---|
| 001 | 0145075 | ||
| 005 | 20231120121700.3 | ||
| 041 | 0 | |a slo | |
| 044 | |a SK | ||
| 245 | 1 | 0 | |a Zvýšenie minimálnej mzdy od januára 2012 |c Zuzana Cingelová |
| 520 | |a Nariadenie vlády SR č. 343/2011 Z.z. od 1. januára 2012 mení výšku minimálnej mzdy. Zvýšenie minimálnej mzdy. Sadzba minimálneho mzdového nároku. Vypočítavanie minimálnej mzdy. Mzdové zvýhodnenie za nočnú prácu. Priemerný zárobok. Vplyv zvýšenia minimálnej mzdy na výpočet poistného do Sociálnej poisťovne a zdravotných poisťovní. | ||
| 610 | 2 | 0 | |a mzdy minimálne |
| 610 | 2 | 0 | |a mzdy hodinové |
| 610 | 2 | 0 | |a mzdy mesačné |
| 610 | 2 | 0 | |a mzdy priemerné |
| 610 | 2 | 0 | |a poistenie sociálne |
| 610 | 2 | 0 | |a poistenie zdravotné |
| 610 | 2 | 0 | |a základ vymeriavací |
| 610 | 2 | 0 | |a zákony |
| 100 | 1 | |a Cingelová, Zuzana | |